Goleadores FC Barcelona 2021/2022 - Estadísticas

Estadísticas generales
  • Esta prueba ha sido intentada 391 veces
  • La puntuación promedio es 4 de 10
Estadísticas de respuestas
Hint Respuesta % Correcto
4 goles Pedri
81%
6 goles Ferran Torres
58%
6 goles Ansu Fati
56%
7 goles Luuk De Jong
45%
13 goles Memphis Depay
44%
3 goles Jordi Alba
40%
4 goles Araujo
35%
4 goles Frenkie de Jong
31%
3 goles Busquets
30%
13 goles Aubamenyang
2%
No se encontraron pruebas coincidentes
Distribución de puntuación
Porcentaje de gente con cada puntuación
Porcentaje por número respondido
Historial de tus puntuaciones
No has intentado esta prueba.